| Поле | Инд. | ПП | Название | Значение |
|---|---|---|---|---|
| Тип записи | a | |||
| Библиографический уровень | m | |||
| 001 | Контрольный номер | 004083600 | ||
| 005 | Дата корректировки | 20230322112640.8 | ||
| 008 | Кодируемые данные | 080820s2006 y zzzz 000 1 rusdu | ||
| 020 | a | ISBN | 5-89826-275-X | |
| 040 | d | Организация, изменившая запись | RuMo | |
| e | Правила каталог. | rcr | ||
| a | Служба первич. каталог. | НБ ТвГУ | ||
| 041 | 0_ | a | Код языка текста | rus |
| a | Код языка текста | eng | ||
| 080 | a | Индекс УДК | 271-5-9 | |
| 084 | a | Индекс другой классификации/Индекс ББК | Э371,1 | |
| 084 | a | Индекс другой классификации/Индекс ББК | Э372-5,1 | |
| 090 | a | Полочн. индекс | Э371,1 | |
| x | Авторский знак | Р 36 | ||
| 245 | 10 | a | Заглавие | Реликвии в Византии и Древней Руси |
| b | Продолж. заглавия | письменные источники | ||
| c | Ответственность | Центр восточнохристианской культуры ; ред.-сост. А. М. Лидов | ||
| 246 | _1 | a | Другая форма заглавия | Relics in Byzantium and Medieval Russia |
| 260 | a | Место издания | Москва | |
| b | Издательство | Прогресс-Традиция | ||
| c | Дата издания | 2006 | ||
| 300 | a | Объем | 437, [2] с. | |
| c | Размеры | 24 см | ||
| 504 | a | Библиография | Библиогр.: с. 424-435 | |
| 520 | 0_ | a | Аннотация | Настоящее издание представляет собой первую в мировой науке антологию письменных источников о восточнохристианских реликвиях и является продолжением книги "Восточнохристианские реликвии" (редактор-составитель А.М.Лидов. Москва, 2003), а также частью большой научно-культурной программы, осуществляемой с 1999 года Центром восточнохристианской культуры. Антология включает в себя как специально подготовленные для данного издания переводы с греческого, латинского, староиспанского и сирийского языков, так и оригинальные древнерусские тесты. Некоторые переводы были сделаны с рукописей по еще не опубликованным первоисточникам. Книга состоит из восьми разделов, в которых рассматриваются свидетельства о реликвиях в византийской агиографии, проповедях, гимнографии и чинопоследованиях. |
| 8 | Отдельные главы посвящены реликвиям Константинополя и главной святыне христианства - Гробу Господню в Иерусалиме. Особый раздел образуют предания о нерукотворных иконах в Византии. Последнюю наиболее объемную главу книги составляют систематизированные данные о реликвиях в русских летописях. Каждый раздел открывает предисловие составителя, все публикуемые тексты снабжены введением и научными комментариями. | |||
| 8 | Книга предназначена исследователям Византии и Древней Руси, а также всем интересующимся духовным наследием православия и историей средневековой культуры. | |||
| 653 | 0_ | a | Ключевые слова | Восточная Церковь |
| a | Ключевые слова | Иконы | ||
| a | Ключевые слова | Мощи | ||
| a | Ключевые слова | Православная Церковь | ||
| a | Ключевые слова | Религия | ||
| a | Ключевые слова | Храмы | ||
| a | Ключевые слова | Христианская Церковь | ||
| a | Ключевые слова | Христианские реликвии | ||
| a | Ключевые слова | Христианство | ||
| 700 | 1_ | a | Другие авторы | Лидов Алексей Михайлович |
| e | Роль лиц | ред.-сост. | ||
| 852 | 41 | i | Расстановочный признак | Проверка 2023 |
| 901 | t | Тип документа | m | |
| 920 | a | Оператор | Стру | |
| a | Оператор | Хохл | ||
| 952 | c | Вид литературы | К рн | |
| 954 | a | Дата поступления на обработку | 20110131 | |
| e | Дата перешифровки | 20230322 |